1255 1701 1142 1493 1665 1246 1389 1644 1456 1804 1388 1740 1477 1114 1702 1985 1256 1754 1118 1150 1864 1428 1522 1743 1751 1159 1679 1983 1919 1931 1794 1578 1600 1448 1577 1502 1996 1695 1001 1496 1984 1891 1554 1818 1971 1091 1663 1814 1000 1981 1861 1019 1412 1374 1151 1165 1524 1798 1929 1550 1363 1663 1311 1288 1740 1890 1752 1456 1623 1578 1700 1910 1798 1302 1322 1626 1493 1712 1767 1115 1269 1106 1913 1186 1393 1310 1506 1316 1927 1031 1469 1935 1946 1767 1646 1218 1887 1938 1888 BCNSPRNW ULIB Ver.6.0+V

เปลี่ยนเป็นภาษาไทย

Change to English
 แสดงรายละเอียดบรรณานุกรม
  กลับหน้าหลัก

Brief Record : Get Marc (ISO 2709) : E-mail record : QR code < ปิดหน้าต่าง
LEADER : 00000nam 2200000uu 4500
001    13399112339
003     ULIB
008    110805s2550||||th 000 0 tha d
020    9789749163648
050  4 LB3045^bถ267ก 2550
100    ถวัลย์ มาศจรัส
245 00 การเขียนรายงานผลงานทางวิชาการ/^cถวัลย์ มาศจรัส
250    พิมพ์ครั้งที่ 2
260    กรุงเทพฯ :^bธารอักษร,^c2550
300    173 หน้า
650  7 การเขียนทางวิชาการ
650  7 ตำรา^xการเขียน
945    ^p200^l0^i027487
945    ^p200^l0^i027488
995    ทศพร
999 ^a ทศพร
รายการนี้ยังไม่มีแท็ก
คุณยังไม่ได้ล็อกอิน คุณสามารถมีกิจกรรมร่วมกับเว็บไซต์ได้ แต่ต้องล็อกอินก่อน ::
  ล็อกอิน

รายการสื่อสารสนเทศ

ลำดับที่ ประเภท เลขเรียก/บาร์โค้ด สถานที่ สถานะ
- ไม่พบข้อมูล -

รายการใกล้เคียง
    ผู้แต่ง [ถวัลย์ มาศจรัส]

    หัวเรื่อง [การเขียนทางวิชาการ]

BibComment


ยังไม่เคยถูกคอมเมนท์

คอมเมนท์ทรัพยากรรายการนี้
  คอมเมนท์: การเขียนรายงานผลง..


 Copyright 2026. Bcnsprnw @Library